How the Japanese accelerated new car development.
Prehľad situácie v japonskom automobilovom priemysle. Sledovanie postupov pri znižovaní času potrebného na vývoj nových automobilov. Jednotlivé etapy vývojového procesu, obsah práce a časová alokácia 5 ročného programu hlavných výrobcov automobilov.
Gespeichert in:
| 1. Verfasser: | |
|---|---|
| Format: | Buchkapitel |
| Sprache: | Englisch |
| Schlagworte: | |
| Tags: |
Keine Tags, Fügen Sie das erste Tag hinzu!
|
MARC
| LEADER | 00000naa a2200000 4500 | ||
|---|---|---|---|
| 001 | r005089 | ||
| 005 | 20221213085149.1 | ||
| 041 | 0 | |a eng | |
| 044 | |a GB | ||
| 245 | 1 | 0 | |a How the Japanese accelerated new car development. |c T. Sasaki |
| 520 | |a Prehľad situácie v japonskom automobilovom priemysle. Sledovanie postupov pri znižovaní času potrebného na vývoj nových automobilov. Jednotlivé etapy vývojového procesu, obsah práce a časová alokácia 5 ročného programu hlavných výrobcov automobilov. | ||
| 610 | 2 | 0 | |a automobily |
| 610 | 2 | 0 | |a Japonsko |
| 610 | 2 | 0 | |a priemysel automobilový |
| 610 | 2 | 0 | |a vývoj |
| 100 | 1 | |a Sasaki, T. | |